Central Library OPAC University of Rajshahi

Nineteenth century Britain, 1815-1914 / (Record no. 25998)

MARC details
000 -LEADER
fixed length control field 00938cam a2200289 a 4500
001 - CONTROL NUMBER
control field 25998
003 - CONTROL NUMBER IDENTIFIER
rucl marc code BD-RjUL
005 - DATE AND TIME OF LATEST TRANSACTION
control field 20211209050946.0
008 - FIXED-LENGTH DATA ELEMENTS--GENERAL INFORMATION
fixed length control field 140319s1960 enkb b 001 0 eng
020 ## - INTERNATIONAL STANDARD BOOK NUMBER
International Standard Book Number 0582353106 (pbk.)
International Standard Book Number 0582353114 (hard)
035 ## - SYSTEM CONTROL NUMBER
System control number (BD-RjUL)26068
040 ## - CATALOGING SOURCE
Original cataloging agency DLC
Transcribing agency DLC
Modifying agency DLC
-- BD-RjUL
Language of cataloging eng
041 ## - LANGUAGE CODE
Language code of text/sound track or separate title eng
082 00 - DEWEY DECIMAL CLASSIFICATION NUMBER
Classification number 941.081
Edition number 19
Author mark and year WON 1960
100 1# - MAIN ENTRY--PERSONAL NAME
Personal name Wood, Anthony,
Dates associated with a name 1923-
9 (RLIN) 72586
245 10 - TITLE STATEMENT
Title Nineteenth century Britain, 1815-1914 /
Statement of responsibility, etc. Anthony Wood.
260 ## - PUBLICATION, DISTRIBUTION, ETC. (IMPRINT)
Place of publication, distribution, etc. Harlow, Essex, UK :
Name of publisher, distributor, etc. Longman,
Date of publication, distribution, etc. 1960.
300 ## - PHYSICAL DESCRIPTION
Pagination viii, 476 p. :
Illustrations maps ;
Size 23 cm.
504 ## - BIBLIOGRAPHY, ETC. NOTE
Bibliography, etc Includes Bibliography: p. [450]-456 and index.
651 #0 - SUBJECT ADDED ENTRY--GEOGRAPHIC NAME
Geographic name Great Britain
General subdivision History
Chronological subdivision 19th century.
9 (RLIN) 79880
Geographic name Great Britain
General subdivision History
Chronological subdivision Edward VII, 1901-1910.
9 (RLIN) 73217
Geographic name Great Britain
General subdivision History
Chronological subdivision George V, 1910-1936.
9 (RLIN) 76199
942 ## - ADDED ENTRY ELEMENTS (KOHA)
Source of classification or shelving scheme Dewey Decimal Classification
Koha item type Books
Holdings
Lost status Source of classification or shelving scheme Damaged status Not for loan Collection code Permanent Location Current Location Shelving location Date acquired Source of acquisition Cost, normal purchase price Total Checkouts Full call number Date last seen Copy number Koha item type
  Dewey Decimal Classification     Non-fiction Central Library, University of Rajshahi Central Library, University of Rajshahi   26/10/1962 Zeitlinger 21.00   941.081 WON 1960 19/03/2014 C-2 Books